ACC Football Coaches by Picture 2025 - Statistics

General Stats
  • This quiz has been taken 6 times
  • The average score is 14 of 17
Answer Stats
Picture Answer % Correct
Bill Belichick
100%
Bill O'Brien
100%
Dabo Swinney
100%
Jeff Brohm
100%
Justin Wilcox
100%
Mario Cristobal
100%
Mike Norvell
100%
Pat Narduzzi
100%
Brent Pry
83%
Dave Doeren
83%
Manny Diaz
83%
Brent Key
67%
Rhett Lashlee
67%
Tony Elliott
67%
Troy Taylor
67%
Fran Brown
50%
Jake Dickert
33%
No matching quizzes found
Score Distribution
Percent of People with Each Score
Percentile by Number Answered
Your Score History
You have not taken this quiz